000 00740nam a22001937a 4500
008 110815s1993 ||||| |||| 00| 0 ara d
082 _222
_a297.1
_bز ح ي
100 1 _98620
_aالزحيلي ، وهبة
245 _aنظام الأسلام /
_cوهبة الزحيلي
250 _aط 2.
260 _aبيروت :
_bدار قتيبة ،
_c1993.
300 _a480 ص ؛
_c24 سم.
650 _916065
_aعلم الكلام
650 _913370
_aالإسلام والسياسة
650 _917314
_aالإسلام
_xمبادئ عامة
653 _bGeneral
_cAugust2011
942 _2ddc
_cBB
999 _c15833
_d15833